LIBRARY & INFORMATION CENTRE, KCAET, TAVANUR

ONLINE PUBLIC ACCESS CATALOGUE (OPAC)

Fundamentals of qualitative chemical analysis: Semi micro method / (Record no. 9319)

MARC details
000 -LEADER
fixed length control field 00507cam a2200193ua 4500
041 ## - LANGUAGE CODE
Language code of text/sound track or separate title eng
082 ## - DEWEY DECIMAL CLASSIFICATION NUMBER
Classification number 544
Item number MCA/FU
100 ## - MAIN ENTRY--AUTHOR NAME
Personal name Mcalpine, Roy K .
245 ## - TITLE STATEMENT
Title Fundamentals of qualitative chemical analysis: Semi micro method /
250 ## - EDITION STATEMENT
Edition statement 4 /
260 ## - PUBLICATION, DISTRIBUTION, ETC. (IMPRINT)
Place of publication Toronto :
Name of publisher D Van nostrand co ,
Year of publication 1966.
300 ## - PHYSICAL DESCRIPTION
Number of Pages 342 ; .
700 1# - ADDED ENTRY--PERSONAL NAME
Personal name Soul, Byron A.
942 ## - ADDED ENTRY ELEMENTS (KOHA)
Koha item type Books
Holdings
Withdrawn status Lost status Damaged status Home library Current library Date acquired Full call number Accession Number Koha item type
      KAUAET KAUAET 07/04/2012 544 MCA/FU 10620 Books
free website counter